000 00528nam a22001817a 4500
003 CEME
005 20210628210459.0
008 210208b xxu||||| |||| 00| 0 eng d
020 _a0-07-045414-0
040 _c.
082 _a620.1003 DIC
100 _aParker, Sybil.P
_913917
245 _aMcgraw hill dictionary of mechanical and design engineering
260 _aNEW YORK
_bMCGRAW HILL
_c1986
300 _a382P
650 _aMECHANICAL ENGINEERING-DICTIONARIES ENGINEERING DESIGN-DICTIONARIES
_979562
942 _cBK
_2ddc
999 _c584586
_d584586